000 00671nam a2200229 a 4500
999 _c23933
_d23933
001 vtls008468858
005 20250926101018.0
008 000507e1995 xr g cze c
020 _a8020005145
_c[119.00 SK]
035 _aSAVUKc043519
040 _aSAVUK
_bslo
_cSNK
_eAACR2
041 1 _acze
044 _axr
_cCZ
080 _a885.0-5
100 1 _aPeroutka, Ferdinand,
_d1895-1978
_94850
242 1 0 _aÚdel slobody
_ycze
242 1 0 _aVýber z rozhlasových prejavov 1951-1977
_ycze
245 1 0 _aÚděl svobody
_bVýbor z rozhlasových projevů 1951-1977
_cFerdinand Peroutka
250 _a1. vyd.
260 _aPraha
_bAcademia
_c1995
300 _a131 s.